Estadísticas para Países más Grandes que Limitan el Océano Atlántico

Haz click aquí para tomar la prueba!

Estadísticas generales

  • Esta prueba ha sido tomada 609 veces
  • La puntuación promedio es 12 de 15

Estadísticas de respuestas

km2País% Correcto
9,984,670Canadá
99%
9,526,468Estados Unidos
99%
8,514,877Brasil
97%
2,780,400Argentina
93%
1,964,375México
93%
17,098,242Rusia
90%
1,246,700Angola
83%
1,221,037Sudáfrica
83%
1,030,700Mauritania
73%
2,344,858R.D. Congo
73%
1,141,748Colombia
68%
2,381,741Argelia
67%
923,768Nigeria
62%
1,759,540Libia
58%
1,002,450Egipto
54%

Distribución de puntuación

Porcentaje por número respondido

Porcentaje de gente con cada puntuación

Historial de tus puntuaciones

No has tomado esta prueba